00662cam a22002177a 4500003000500000005001700005008004100022010001000063011001000073035001000083040000900093082001200102100003000114245010600144260003600250300001100286490004100297650002800338651003700366830004100403CHAP20220329135956.0971013s1984 r 00010 d a44986 a45958 a50098 cCHAP a350bU800aUvalle Berrones, Ricardo.13aEl gobierno en acciónb: la formación del régimen presidencial de la administración pública aMéxico, D.F. :bF.C.E.,c1984 a186 p. 0aSección de obras de antropología14aAdministracion publica. 4aMéxicoxPolítica y gobierno.0 aSección de obras de antropología